| Поле | Инд. | ПП | Название | Значение |
|---|---|---|---|---|
| Тип записи | a | |||
| Библиографический уровень | a | |||
| 001 | Контрольный номер | RU/IS/BASE/135097021 | ||
| 005 | Дата корректировки | 20240219094427.8 | ||
| 008 | Кодируемые данные | 19981104 | ||
| 040 | 00 | e | Правила каталог. | Т 981104 |
| 084 | a | Индекс другой классификации/Индекс ББК | 63.3(0)324.5; 63.3(54)4ю12; 63.221(0)4 | |
| 090 | 00 | a | Полочн. индекс | 63.3(0)3я43 |
| x | Авторский знак | В 387 | ||
| 100 | 10 | a | Автор | Смирнова О. И. |
| 245 | 00 | a | Заглавие | Новые данные по истории Согда VIII в. |
| 650 | 04 | a | Основная рубрика | история |
| 653 | 00 | a | Ключевые слова | VIII век |
| a | Ключевые слова | анализ | ||
| a | Ключевые слова | иероглифы | ||
| a | Ключевые слова | исследования | ||
| a | Ключевые слова | монеты | ||
| a | Ключевые слова | надписи | ||
| a | Ключевые слова | нумизматика | ||
| a | Ключевые слова | письменные источники | ||
| a | Ключевые слова | Согд | ||
| a | Ключевые слова | средние века | ||
| a | Ключевые слова | Средняя Азия | ||
| 773 | 00 | d | Дата издания источника | Москва, 1939 |
| g | Прочая информация | Т.3(8), 4(9). - С. 97-102 | ||
| t | Заглавие источника | Вестник древней истории | ||
| w | Контрольный № источника | RU/IS/BASE/101818640 | ||
| 901 | t | Тип документа | a |